=LDR 00000nam 2200000 4500 =001 INLIS000000000047775 =005 20160216102516.0 =006 =007 =008 =035 ##$$0010-021600000000163 =040 ##$$a NPBDMAT =082 ##$$a R. 351.720 26 =090 ##$$a R. 351.720 26 $b Rem r =245 ##$$a Rancangan Undang-Undang Republik Indonesia Nomor Tahun 2005 Tentang Anggaran Pendapatan dan Belanja Negara Tahun Anggaran 2006 =260 ##$$a Jakarta : $b Departemen Keuangan Republik Indonesia, $c 2006 =300 ##$$a 45 hlm $c 30cm =650 ##$$a Anggaran Pendapatan dan Belanja Negara - Undang-Undang =700 ##$$a Departemen Keuangan RI